000 00603nam a22002297a 4500
005 20170124105942.0
010 _a813107
020 _c80.00
035 _a813107
037 _bCen Lib/Ret
040 _aDPL
_bEN
082 _a239
_bBAR
100 _aBarz, Richard
_911422
245 _aBhakti sect of vallabhacarya /
_cby Richard Barz
260 _aDelhi
_bThosmson press
_c1976
270 _bDelhi
_aFaridabad
300 _a264p.
_c23cm(Hb)
500 _aIncludes index
650 _aHinduism
_991323
650 _avallabhacharya
_911424
942 _2ddc
_cEN
_h239
_mBAR
999 _c124629
_d124629